Viaje breve al país de las sonrisas cortas / (Record no. 122442)

MARC details
000 -LEADER
campo de control de longitud fija 00476nam a2200157 4500
001 - NÚMERO DE CONTROL
campo de control 122442
003 - IDENTIFICADOR DE NÚMERO DE CONTROL
campo de control ES-MaACL
005 - FECHA Y HORA DE LA ÚLTIMA TRANSACCIÓN
campo de control 20230906191958.0
007 - CAMPO FIJO DE DESCRIPCIÓN FÍSICA--INFORMACIÓN GENERAL
campo de control de longitud fija t|
008 - DATOS DE LONGITUD FIJA--INFORMACIÓN GENERAL
campo de control de longitud fija 070214s1975 sz r ||||1| spa d
100 1# - ENTRADA PRINCIPAL--NOMBRE DE PERSONA
Nombre de persona Puebla, Alvaro de.
9 (RLIN) 94122
245 10 - MENCIÓN DEL TÍTULO
Título Viaje breve al país de las sonrisas cortas /
Mención de responsabilidad, etc. Alvaro de Puebla.
260 ## - PUBLICACIÓN, DISTRIBUCIÓN, ETC.
Lugar de publicación, distribución, etc. Ginebra :
Nombre del editor, distribuidor, etc. [s.n.],
Fecha de publicación, distribución, etc. 1975 (
Fabricante Coop. de Imp. del Pré-Jérôme)
300 ## - DESCRIPCIÓN FÍSICA
Extensión 141 p. ;
Dimensiones 18 cm.
852 ## - LOCALIZACIÓN
Ubicación ES-MaACL
Número de control de estantería C-40312
Sublocalización o colección R.101287
Holdings
Estatus retirado Estado de pérdida Estado de daño No para préstamo Biblioteca de origen Biblioteca actual Ubicación en estantería Fecha de adquisición Fuente de adquisición Total de préstamos Signatura topográfica completa Código de barras Visto por última vez Precio de reemplazo Tipo de ítem Koha
        Biblioteca del Ateneo de Madrid Biblioteca del Ateneo de Madrid Depósito 2 17/01/2008     C-40312 1127590 23/02/2023 23/02/2023 Libro impreso